000
00326 a2200109 4500
001
ART_45471
005
20260410162040.0
008
260409a
245
1
0
_a
La influencia del impuesto a las ganancias en los sueldos
100
1
_a
Ceteri, José Luis
773
0
_t
Impuestos
_g
- Nº 23 (mar. 2018)
_w
REV45175
999
_c
34825
_d
34825